Analyzing Evil 200+ Villains - Statistics

General Stats
  • This quiz has been taken 6 times
  • The average score is 49 of 224
Answer Stats
Picture Answer % Correct
Bill
75%
Buffalo Bill
75%
Calvin Candie
75%
Count Dooku
75%
Darth Maul
75%
Darth Vader
75%
Freddy Krueger
75%
Green Goblin
75%
Hannibal Lecter
75%
Killmonger
75%
Michael Corleone
75%
Omni-Man
75%
Patrick Bateman
75%
Pennywise
75%
Pinhead
75%
Sauron
75%
Scar
75%
Thanos
75%
The Joker
75%
The Riddler
75%
Vito Corleone
75%
Voldemort
75%
Walter White
75%
Weyland Yutani Co
75%
Agent Smith
50%
Annie Wilkes
50%
Chucky
50%
Darth Sidious
50%
Dexter Morgan
50%
Ego
50%
General Grievous
50%
Gollum
50%
Gordon Gekko
50%
HAL 9000
50%
Hans Gruber
50%
High Evolutionary
50%
Jason Voorhees
50%
Keyser Soze
50%
Leatherface
50%
Lex Luthor
50%
Livia Soprano
50%
Magneto
50%
Margaret White
50%
Michael Myers
50%
Mr Glass
50%
Norman Bates
50%
Nurse Mildred Ratched
50%
Ramsay Bolton
50%
Saruman
50%
Stephen
50%
Syndrome
50%
The Governor
50%
The Penguin
50%
Thomas Shelby
50%
Tony Soprano
50%
Two Face
50%
Tyler Durden
50%
Alex DeLarge
25%
AM
25%
Amon Goeth
25%
Anton Chigurh
25%
Arthur Fleck
25%
Art the Clown
25%
Askeladd
25%
Babadook
25%
Barry Berkman
25%
Bill Cipher
25%
Candyman
25%
Cersei Lannister
25%
Colonel Jessup
25%
Davy Jones
25%
Dr Octopus
25%
Dutch Van Der Linde
25%
Eren Yeager
25%
Euron Greyjoy
25%
Frieza
25%
Ganon
25%
Ghostface
25%
Griffith
25%
Gustavo Fring
25%
Hans Landa
25%
Immortan Joe
25%
Jack
25%
Jack Torrance
25%
Jimmy McGill
25%
Joe Goldberg
25%
Joffrey Baratheon
25%
John Kramer
25%
Judge Holden
25%
Lalo Salamanca
25%
Light Yagami
25%
Logan Roy
25%
Lord Shen
25%
Lotso
25%
Makima
25%
Marlo Stanfield
25%
Mason Verger
25%
Micah Bell
25%
Mike Ehrmantraut
25%
Morgoth
25%
Odin
25%
Pearl
25%
Petyr Baelish
25%
President Snow
25%
Proximus Caesar
25%
Qu
25%
Ralph Cifaretto
25%
Stringer Bell
25%
Tai Lung
25%
Tighten
25%
Todd Alquist
25%
Tony Montana
25%
Travis Bickle
25%
Tywin Lannister
25%
Vic Mackey
25%
Aaron Stampler
0%
Aku
0%
Albert Wesker
0%
Alex Forrest
0%
Alonzo Harris
0%
Amy Dunne
0%
Andrew Ryan
0%
Antonio Salieri
0%
Asami Yamazaki
0%
Azula
0%
Baby Jane Hudson
0%
Baron Vladimir Harkonnen
0%
Big Jack Homer
0%
Bill Cutting
0%
Billy Chapman
0%
Bishop
0%
Brick Top
0%
Captain Vidal
0%
Catherine Tramell
0%
Cave Johnson
0%
Christof
0%
Clay Puppington
0%
Colonel Kurtz
0%
Colonel William Travington
0%
Commodus
0%
Daegen Lok
0%
Damien Thorn
0%
Daniel Plainview
0%
Dementus
0%
Dio Brando
0%
El Indio
0%
Feyd Rautha
0%
Fire Lord Ozai
0%
Francis Dolarhyde
0%
Frank
0%
Frank Booth
0%
Frank Costello
0%
Gendo Ikari
0%
GLaDOS
0%
Glossu Raban
0%
Henry Potter
0%
Howard Stambler
0%
Imhotep
0%
INGSOC
0%
Jeremiah Sand
0%
Johan Liebert
0%
John Doe
0%
Jordan Belfort
0%
Judge Claude Frollo
0%
Judge Doom
0%
Julian Slowik
0%
Kefka Palazzo
0%
King Adas
0%
Koba
0%
Lee Woo-Jin
0%
Lil Ze
0%
Li Tolqa
0%
Lord Summerisle
0%
Lorne Malvo
0%
Lou Bloom
0%
Macrinus
0%
Mary
0%
Master Rajivari
0%
Max Cady
0%
Megatron
0%
Mnggal-Mnggal
0%
Mr House
0%
Mr Reed
0%
Nicky Santoro
0%
Noah Cross
0%
Norman Stansfield
0%
Other Mother
0%
Owen Davian
0%
Ozymandias
0%
Pazuzu
0%
Raoul Silva
0%
Raymond Cocteau
0%
Richmond Valentine
0%
Roy Batty
0%
Rumi Hidaka
0%
Ryomen Sukuna
0%
Samuel Norton
0%
Senator Armstrong
0%
Sergeant Barnes
0%
SHODAN
0%
Shogo Makishima
0%
Silco
0%
Simon Phoenix
0%
Skynet
0%
Sy Parrish
0%
Terence Fletcher
0%
Tetsuo Shima
0%
The Lord of Darkness
0%
The Master
0%
The Rakata
0%
Thomas Howard
0%
Thomas Wake
0%
Thulsa Doom
0%
Tommy DeSimone
0%
Tommy Devito
0%
Tony Spilotro
0%
Viktor Bout
0%
Vincent
0%
William Foster
0%
Xendor
0%
Xesh
0%
Yoshikage Kira
0%
Yuri Orlov
0%
Yu Yevon
0%
No matching quizzes found
Score Distribution
Percent of People with Each Score
Percentile by Number Answered
Your Score History
You have not taken this quiz